| 000 | 00798nam a2200277Ia 4500 | ||
|---|---|---|---|
| 003 | OSt | ||
| 005 | 20220918164904.0 | ||
| 006 | a|||||r|||| 00| 0 | ||
| 007 | ta | ||
| 008 | 220917b |||||||| |||| 00| 0 eng d | ||
| 020 | _a0805832726 (hbk) | ||
| 024 | _a201,904 | ||
| 037 | _cTextual | ||
| 040 |
_aARTS _cARTS _beng |
||
| 041 |
_2eng _aeng |
||
| 082 | _aX:89ZB, P1 | ||
| 100 |
_aGarud Raghu Ed. _921499 |
||
| 245 | 0 | _aPath dependence and creation | |
| 260 |
_aMahwah _bLawrence erlbaum associates, publishers _c2001 |
||
| 300 |
_axxii, 417 p _ccm. |
||
| 490 | _aLEA' s Organization and management series | ||
| 650 | _aECONOMICS | ||
| 700 |
_a Karnoe Peter Ed. _921500 |
||
| 942 |
_hX:89ZB, P1 _cTEXL _2CC |
||
| 999 |
_c127239 _d127239 |
||